| 000 | 00873nam a2200217 a 4500 | ||
|---|---|---|---|
| 003 | AM-YeHGA | ||
| 005 | 20250617155354.0 | ||
| 008 | 130523s1958 ru |||||r|||||001|0|rus|| | ||
| 040 | _aAM-YeHGA | ||
| 041 | 0 | _arus | |
| 100 | 1 | _aМочалов, Владимир Дмитриевич | |
| 245 | 1 | 0 |
_aКрестьянское хозяйство в Закавказье к концу XIX в. / _cВ.Д. Мочалов; АН СССР, Ин-т истории. |
| 260 |
_aМосква : _bИзд-во АН СССР, _c1958. |
||
| 300 |
_a492 с. ; _c23 см. |
||
| 504 | _aБиблиогр.: c. 475-488 | ||
| 653 | 0 | _aЗакавказье - История, 19 в. - Источники и источниковедение | |
| 710 | 2 | _aАкадемия наук СССР | |
| 710 | 2 | _aИнститут истории АН СССР | |
| 942 |
_2udc _cBK |
||
| 090 | _c433932 | ||
| 999 |
_c431359 _d431359 |
||